000 01289cam a2200301 a 4500
001 4472918
003 ARRUPE
005 20131004120918.0
008 960917s1996 tnu b 000 0 eng
010 _a 96043923
020 _a0687001617 (pbk. : alk. paper)
040 _aDLC
_cDLC
_dDLC
050 0 0 _aBT695.5
_b.D38 1996
100 1 _aDerr, Thomas Sieger,
_d1931-
_92106
245 1 0 _aEnvironmental ethics and Christian humanism /
_cThomas Sieger Derr ; with critical responses by James A. Nash and Richard John Neuhaus ; introduction by Max L. Stackhouse.
260 _aNashville :
_bAbingdon Press,
_cc1996.
300 _a160 p. ;
_c23 cm.
490 1 _aAbingdon Press studies in Christian ethics and economic life ;
_vv. 2
504 _aIncludes bibliographical references (p. 147-159).
650 0 _aHuman ecology
_xReligious aspects
_xChristianity.
_92107
650 0 _aEnvironmental ethics.
_92108
700 1 _aNash, James A.,
_d1938-
_92109
700 1 _aNeuhaus, Richard John.
_92110
830 0 _aAbingdon Press studies in Christian ethics and economic life ;
_v#2.
_92111
906 _a7
_bcbc
_corignew
_d1
_eocip
_f19
_gy-gencatlg
942 _2lcc
_cMONOGRAPH
999 _c118247
_d118247